01140cam a22002895a 4500001001000000003000400010005001700014008004100031020001800072040003600090082002100126100002800147245014200175260003100317300003600348490005800384500002400442504004100466650005200507650006100559651001000620653002400630700002900654942000800683999001700691952014200708017571028OSt20201128023943.0150929t2016 gw a frb 001 0 eng d a9783319216928 aStDuBDSbengcStDuBDSdEG-ScBUE04a658.408222bIAT1 aIatridis, Konstantinos.10aResponsible research and innovation in industry :bthe case for corporate responsibility tools /cKonstantinos Iatridis, Doris Schroeder. aCham :bSpringer,cc.2016. axviii, 104 p. :bill. ;c24 cm.0 aSpringerBriefs in research and innovation governance. aIndex : p. 101-104. aIncludes bibliographical references. 7aSocial responsibility of business.2BUEsh91147 0aTechnological innovationsxEnvironmental aspects.2BUEsh 2BUEsh bBUSADMcOctober20161 aSchroeder, Doris,d1963- 2ddc c22904d22876 00102ddc40708BaccahaMAINbMAINc1STd2016-10-30ePurchaseg575.00h25136l0o658.408 IATp000034620r2025-07-15 00:00:00v718.75yBB